La idea del espacio en la arquitectura griega

Uloženo v:
Podrobná bibliografie
Hlavní autor: Martienssen, Rex Distin (autor)
Médium: Kniha
Jazyk:španělština
Vydáno: Buenos Aires, Argentina Nueva Visión 1957
Edice:Colección Historia de la Arquitectura
Témata:
Tagy: Přidat tag
Žádné tagy, Buďte první, kdo vytvoří štítek k tomuto záznamu!

MARC

LEADER 00000nam a2200000 a 4500
001 UCZ1221
003 CL-VaPUC
005 20240619100124.0
008 950817e19570000AG |||||||||||||||||spa|d
999 |c 238008  |d 238006 
040 |c Pontificia Universidad Católica de Valparaíso 
082 0 4 |a 722.8 MAR 1957  |2 21 
100 |a Martienssen, Rex Distin  |e autor  |9 344690 
245 1 3 |a La idea del espacio en la arquitectura griega 
260 |a Buenos Aires, Argentina  |b Nueva Visión  |c 1957 
300 |a 162 páginas 
490 0 |a Colección Historia de la Arquitectura 
583 |a last modification  |c 19950817 00:00:00  |k Rodrigo Vera 
650 0 |a Arquitectura  |9 804558 
650 7 |a TEMPLOS  |2 CL-VaPUC  |9 266644  |z GRECIA 
650 0 |a Ciudades  |z GRECIA  |9 265474 
650 7 |a POLICROMIA  |2 CL-VaPUC  |9 344692 
942 |c BK  |2 ddc 
945 |d 19950817 00:00:00  |a aalvarez 
952 |0 0  |1 0  |2 ddc  |4 0  |6 722_800000000000000_MAR_1957  |7 0  |8 A  |9 247898  |a BIBARQ  |b BIBARQ  |d 2019-11-18  |i 3123987  |l 4  |o 722.8 MAR 1957  |p 3123987  |r 2025-01-20  |s 2022-07-21  |t 1  |w 2019-11-18  |y BK  |k ARQ